1. január 2002 - deň novej meny
Dňom 1. januára 2002 sa v 12 štátoch Európskej menovej únie, v tzv. eurozóne začnú používať bankovky a mince novej spoločnej meny eura. Technické parametre eurových mincí. Ochranné prvky eurových bankoviek.
Gespeichert in:
| 1. Verfasser: | |
|---|---|
| Format: | Buchkapitel |
| Sprache: | Slowakisch |
| Schlagworte: | |
| Tags: |
Keine Tags, Fügen Sie das erste Tag hinzu!
|
MARC
| LEADER | 00000naa a2200000 4500 | ||
|---|---|---|---|
| 001 | r043449 | ||
| 005 | 20231215103017.0 | ||
| 041 | 0 | |a slo | |
| 044 | |a SK | ||
| 245 | 1 | 0 | |a 1. január 2002 - deň novej meny |c Gabriel Schlosser |
| 520 | |a Dňom 1. januára 2002 sa v 12 štátoch Európskej menovej únie, v tzv. eurozóne začnú používať bankovky a mince novej spoločnej meny eura. Technické parametre eurových mincí. Ochranné prvky eurových bankoviek. | ||
| 610 | 2 | 0 | |a euro |
| 610 | 2 | 0 | |a bankovky |
| 610 | 2 | 0 | |a mince |
| 610 | 2 | 0 | |a Európska menová únia |
| 610 | 2 | 0 | |a 2002 |
| 100 | 1 | |a Schlosser, Gabriel | |